000 01432cam a2200361 a 4500
001 EDZ0000018976
003 StDuBDS
005 20161031105121.0
006 m||||||||d||||||||
007 cr |||||||||||
008 110107s2003 caua fo 001|0|eng|d
020 _a9781412952583 (ebook) :
_cNo price
040 _aStDuBDS
_beng
_cStDuBDS
_epn
049 _aAlfaisal Main Library
050 4 _aHM756
082 0 4 _a307.03
_222
245 0 0 _aEncyclopedia of community
_h[electronic resource] :
_bfrom the village to the virtual world /
_cKaren Christensen & David Levinson, general editors.
260 _aThousand Oaks, Calif. ;
_aLondon :
_bSAGE,
_cc2003.
300 _a1 online resource (4 v.) :
_bill.
500 _a"A SAGE reference publication."
520 8 _aThe 'Encyclopedia of Community' is a four volume work that will define one of the most widely researched topics in the behavioural and social sciences.
521 _aSpecialized.
588 _aDescription based on print version record.
504 _aIncludes bibliographical references and index.
650 0 _aCommunities
_vEncyclopedias.
655 7 _aElectronic books.
_2local
700 1 _aChristensen, Karen,
_d1957-
700 1 _aLevinson, David,
_d1947-
710 2 _aSage eBooks
776 0 8 _iPrint version :
_z9780761925989
856 4 0 _uhttp://ezproxy.alfaisal.edu/login?url=http://sk.sagepub.com/reference/community
942 _2lcc
_cEBOOKS
999 _c479653
_d479653